000 00360pab a2200145 454500
008 180718b2000 xxu||||| |||| 00| 0 eng d
100 _aHambleton, Robin
245 _aModernising political management in local government
260 _c2000
300 _ap.931-50
362 _aMay
650 _aLocal government
773 _aUrban Studies
909 _a45390
999 _c45390
_d45390